[Event "SR 3. liga A2 2017/2018"]
[Site "?"]
[Date "2018.03.25"]
[Round "11.2"]
[White "Sefcik, Marek"]
[Black "Veselsky, Jozef"]
[Result "1-0"]
[WhiteElo "2022"]
[BlackElo "2122"]
[PlyCount "89"]
[EventDate "2017.??.??"]

1. e4 c5 2. c4 Nc6 3. Ne2 g6 4. Nbc3 Bg7 5. d3 d6 6. g3 Nd4 7. Nxd4 cxd4 8. Ne2
Nh6 9. Bg2 O-O 10. O-O Ng4 11. h3 Nh6 12. Nxd4 Bxd4 13. Bxh6 Re8 14. Qd2 f5 15.
Rae1 e5 16. exf5 Bxf5 17. Bxb7 Bxh3 18. Bd5+ Be6 19. Bxe6+ Rxe6 20. Be3 Bb6 21.
b4 Bxe3 22. Qxe3 Qd7 23. b5 d5 24. a4 Rc8 25. c5 d4 26. Qc1 Qd5 27. c6 a6 28.
Qb1 axb5 29. axb5 g5 30. Re4 Re7 31. Qb4 Rec7 32. Qc4 Qxc4 33. dxc4 Re7 34.
Rfe1 d3 35. Rd1 Rd8 36. b6 Ree8 37. c7 Rc8 38. Rxd3 Kf7 39. Rd7+ Ke6 40. Rd5
Kf5 41. Rdxe5+ Rxe5 42. Rxe5+ Kxe5 43. b7 Rxc7 44. b8=Q Kd6 45. Kg2 1-0

[Event "SR 3. liga A2 2017/2018"]
[Site "?"]
[Date "2018.03.25"]
[Round "11.2"]
[White "Merva, Frantisek"]
[Black "Jakubec, Milan"]
[Result "0-1"]
[WhiteElo "2091"]
[BlackElo "2004"]
[PlyCount "122"]
[EventDate "2017.??.??"]

1. d4 d5 2. c4 e6 3. Nc3 Nf6 4. cxd5 exd5 5. Bg5 Be7 6. e3 O-O 7. Qc2 Nbd7 8.
Bd3 h6 9. Bf4 c6 10. Nge2 Re8 11. g4 Nf8 12. g5 hxg5 13. Bxg5 Ne4 14. Bf4 Nxc3
15. Nxc3 Bd6 16. Bg3 Bg4 17. Rg1 Bh5 18. Ne2 Bb4+ 19. Kf1 Bg6 20. Be5 Bd6 21.
Bxd6 Qxd6 22. Nf4 Be4 23. Rg3 g6 24. f3 Bxd3+ 25. Qxd3 Qe7 26. Re1 Rad8 27. Re2
Rd6 28. b4 Ne6 29. Ng2 Ng7 30. Nf4 Rf6 31. Kf2 Qxb4 32. h4 Qd6 33. h5 gxh5 34.
Nxh5 Rg6 35. Rxg6 fxg6 36. Nf4 g5 37. Ng2 Rf8 38. f4 Nh5 39. Ke1 gxf4 40. exf4
Ng7 41. Re5 Qf6 42. Qg3 Kf7 43. Qh3 Re8 44. Kf1 Rxe5 45. dxe5 Qf5 46. Qh6 Ne6
47. Kg1 d4 48. Kf2 c5 49. Kf3 c4 50. Qf6+ Qxf6 51. exf6 Nc5 52. Ne1 Kxf6 53.
Nc2 d3 54. Ne3 b5 55. Nd5+ Kf7 56. Ke3 a6 57. f5 a5 58. Kd4 d2 59. Nc3 Na4 60.
a3 Nb2 61. a4 Nxa4 0-1

[Event "SR 3. liga A2 2017/2018"]
[Site "?"]
[Date "2018.03.25"]
[Round "11.2"]
[White "Horak, Ivan"]
[Black "Csuri, Szilveszter"]
[Result "0-1"]
[WhiteElo "2010"]
[BlackElo "1973"]
[PlyCount "80"]
[EventDate "2017.??.??"]

1. e4 c5 2. Nc3 Nc6 3. f4 d6 4. Nf3 e6 5. d3 Nf6 6. g3 a6 7. Bg2 Qc7 8. O-O g6
9. h3 Bg7 10. g4 O-O 11. Ne2 Nd7 12. f5 exf5 13. gxf5 Nce5 14. Nf4 Nxf3+ 15.
Qxf3 Nf6 16. Bd2 Rb8 17. Bc3 b5 18. Rae1 Bb7 19. Qg3 b4 20. Bxf6 Bxf6 21. fxg6
fxg6 22. Ne6 Bd4+ 23. Nxd4 cxd4 24. Rxf8+ Rxf8 25. Re2 Re8 26. h4 Qc5 27. Bh3
Qe5 28. Qe1 a5 29. Rg2 d5 30. Rg5 Qf4 31. e5 Qe3+ 32. Qxe3 dxe3 33. d4 e2 34.
Kf2 Ba6 35. Ke1 Rf8 36. Rg1 Rf4 37. c3 bxc3 38. bxc3 Rf3 39. Be6+ Kg7 40. Bxd5
Rf1+ 0-1

[Event "SR 3. liga A2 2017/2018"]
[Site "?"]
[Date "2018.03.25"]
[Round "11.2"]
[White "Szitasi, Janos"]
[Black "Chabada, Tomas"]
[Result "1/2-1/2"]
[WhiteElo "1967"]
[BlackElo "1986"]
[PlyCount "69"]
[EventDate "2017.??.??"]

1. e4 e5 2. Nf3 Nc6 3. Bc4 Nf6 4. d3 Bc5 5. O-O d6 6. Bg5 h6 7. Bh4 g5 8. Bg3
h5 9. h4 Bg4 10. c3 Nh7 11. Qb3 Qd7 12. Nbd2 Na5 13. Qc2 Nxc4 14. dxc4 Rg8 15.
Qd3 f6 16. b4 Bb6 17. Nb3 a6 18. a4 gxh4 19. Nxh4 O-O-O 20. a5 Ba7 21. b5 Qg7
22. Kh2 axb5 23. cxb5 Qd7 24. c4 Bc5 25. Qc3 Bd4 26. Qd3 Qf7 27. Rfc1 b6 28.
Ra4 bxa5 29. Nxa5 Bc5 30. Nc6 Rde8 31. Ra8+ Kb7 32. Ra6 Ra8 33. Na5+ Kb8 34.
Nc6+ Kb7 35. Na5+ 1/2-1/2

[Event "SR 3. liga A2 2017/2018"]
[Site "?"]
[Date "2018.03.25"]
[Round "11.2"]
[White "Zlamal, Marek"]
[Black "Vegh, Vince"]
[Result "1-0"]
[WhiteElo "1838"]
[BlackElo "1945"]
[PlyCount "91"]
[EventDate "2017.??.??"]

1. d4 d5 2. c4 c6 3. e3 Nf6 4. Nc3 e6 5. Nf3 Be7 6. Bd3 dxc4 7. Bxc4 b5 8. Bd3
a6 9. O-O c5 10. dxc5 Bxc5 11. b3 Nbd7 12. Ne4 Be7 13. Bb2 O-O 14. Qe2 Bb7 15.
Ng3 Nd5 16. Rac1 N7f6 17. Rfd1 Rc8 18. Ne5 Rxc1 19. Rxc1 Qd6 20. Bb1 Rd8 21.
Nf3 h6 22. h3 b4 23. e4 Nf4 24. Qe3 Rc8 25. Rxc8+ Bxc8 26. Qc1 Qd7 27. Ne5 Qe8
28. Qxf4 Bd6 29. Qd2 Bb8 30. Qxb4 Bc7 31. Bd3 Qd8 32. Be2 a5 33. Qd4 Qe7 34.
Nc6 Qe8 35. Qc5 Kh7 36. Na7 Bxg3 37. fxg3 Bd7 38. Bd3 Kg8 39. Bxf6 gxf6 40.
Qxa5 Qe7 41. Kh2 e5 42. Qc7 Qe8 43. a4 h5 44. Bb5 Bxb5 45. Nxb5 h4 46. Nd6 1-0

[Event "SR 3. liga A2 2017/2018"]
[Site "?"]
[Date "2018.03.25"]
[Round "11.2"]
[White "Meszaros, Lorant"]
[Black "Hrubos, Milan"]
[Result "1-0"]
[WhiteElo "1958"]
[BlackElo "1716"]
[PlyCount "85"]
[EventDate "2017.??.??"]

1. d4 d5 2. c4 c6 3. Nf3 Nf6 4. Nc3 a6 5. a4 Bf5 6. e3 e6 7. Qb3 Qc7 8. Bd2
Nbd7 9. Rc1 dxc4 10. Bxc4 Nb6 11. Be2 h6 12. e4 Bh7 13. e5 Nfd5 14. a5 Nd7 15.
Nxd5 exd5 16. Qxd5 cxd5 17. Rxc7 Rb8 18. O-O Be7 19. Rfc1 Bd8 20. Rc8 Rxc8 21.
Rxc8 O-O 22. Bb4 Be7 23. Rxf8+ Bxf8 24. Bc3 Be7 25. Nd2 Bf5 26. f4 g6 27. Bf3
Be6 28. Nf1 g5 29. Ne3 gxf4 30. Nxd5 Bxd5 31. Bxd5 b5 32. axb6 Nxb6 33. Bb7 Na4
34. Bd2 Nxb2 35. Bxa6 Na4 36. Bxf4 h5 37. Kf2 Nb6 38. Kf3 Bb4 39. Ke4 Kf8 40.
Bg5 Bc3 41. Be2 Nd7 42. Bxh5 Kg7 43. Bg4 1-0

[Event "SR 3. liga A2 2017/2018"]
[Site "?"]
[Date "2018.03.25"]
[Round "11.2"]
[White "Benak, Peter"]
[Black "Sarkozi, Szabolcs"]
[Result "0-1"]
[WhiteElo "1641"]
[BlackElo "1760"]
[PlyCount "66"]
[EventDate "2017.??.??"]

1. c4 Nf6 2. g3 g6 3. Bg2 Bg7 4. Nc3 O-O 5. Nf3 d6 6. O-O c5 7. d3 h6 8. Qc2
Bd7 9. a3 Nc6 10. Nd5 e6 11. Nxf6+ Qxf6 12. Rb1 g5 13. h3 e5 14. b4 cxb4 15.
axb4 g4 16. hxg4 Bxg4 17. Be3 e4 18. dxe4 Bxf3 19. exf3 Rac8 20. Rfc1 h5 21.
Qd1 h4 22. Qd5 hxg3 23. fxg3 Ne5 24. Bf4 Bh6 25. Bxe5 dxe5 26. Rc3 b6 27. c5
Rfd8 28. Qb3 bxc5 29. Rxc5 Qb6 30. Kf1 Rxc5 31. bxc5 Qxc5 32. Qb5 Rd1+ 33. Ke2
Qc2# 0-1

[Event "SR 3. liga A2 2017/2018"]
[Site "?"]
[Date "2018.03.25"]
[Round "11.3"]
[White "Slamena, Michal"]
[Black "Sebesta, Radovan"]
[Result "1-0"]
[WhiteElo "2018"]
[BlackElo "2017"]
[PlyCount "97"]
[EventDate "2017.??.??"]

1. e4 c5 2. Nf3 Nc6 3. d4 cxd4 4. Nxd4 g6 5. c4 Bg7 6. Be3 Nf6 7. Nc3 Ng4 8.
Nxc6 Nxe3 9. Nxd8 Nxd1 10. Nxd1 Kxd8 11. Bd3 d6 12. O-O b6 13. Rb1 Bb7 14. Ne3
e6 15. b4 Rc8 16. h3 Ke7 17. Kh2 Rhd8 18. f4 Ba6 19. Rbd1 Bc3 20. a3 Bd4 21.
Nc2 Bg7 22. b5 Bb7 23. Rde1 Rc5 24. f5 Be5+ 25. g3 gxf5 26. exf5 Rg8 27. Re3 h5
28. h4 Rg4 29. Kh3 Rg8 30. Be2 Rh8 31. a4 Rcc8 32. a5 Rcg8 33. axb6 axb6 34.
Nb4 Rh7 35. Nc6+ Bxc6 36. bxc6 f6 37. fxe6 Rhg7 38. Rff3 Kxe6 39. Bd3 Ra8 40.
Bf5+ Ke7 41. Ra3 Rxa3 42. Rxa3 d5 43. Ra7+ Kf8 44. Rxg7 Kxg7 45. cxd5 Kf7 46.
g4 hxg4+ 47. Kxg4 Kg7 48. Bd3 Kf7 49. Kf5 1-0

[Event "SR 3. liga A2 2017/2018"]
[Site "?"]
[Date "2018.03.25"]
[Round "11.3"]
[White "Palka, Miroslav"]
[Black "Malar, Pavol"]
[Result "0-1"]
[WhiteElo "1938"]
[BlackElo "2058"]
[PlyCount "60"]
[EventDate "2017.??.??"]

1. c4 f5 2. g3 Nf6 3. d4 e6 4. Bg2 Be7 5. Nf3 O-O 6. O-O d6 7. Nc3 Qe8 8. e3
Qh5 9. Nh4 Qf7 10. f4 Nbd7 11. Nf3 h6 12. b3 Ne4 13. Nxe4 fxe4 14. Nd2 d5 15.
a4 Nf6 16. Ba3 Bxa3 17. Rxa3 Qe7 18. c5 b6 19. Qc1 Ba6 20. Re1 g5 21. b4 gxf4
22. exf4 bxc5 23. bxc5 Qg7 24. Rb3 Rab8 25. Qb2 Rxb3 26. Qxb3 Ng4 27. Qc3 h5
28. h3 Nh6 29. Bf1 Bxf1 30. Nxf1 Rxf4 0-1

[Event "SR 3. liga A2 2017/2018"]
[Site "?"]
[Date "2018.03.25"]
[Round "11.3"]
[White "Bisco, Igor"]
[Black "Skapikova, Lubica"]
[Result "1/2-1/2"]
[WhiteElo "2052"]
[BlackElo "1898"]
[PlyCount "85"]
[EventDate "2017.??.??"]

1. e4 e5 2. Nf3 Nc6 3. Bb5 a6 4. Ba4 Nf6 5. O-O b5 6. Bb3 Bc5 7. d3 h6 8. Be3
Bxe3 9. fxe3 O-O 10. Nc3 d6 11. Nd5 Na5 12. Nxf6+ Qxf6 13. Qe1 Nxb3 14. axb3
Qg6 15. Nh4 Qg4 16. Nf5 Kh7 17. Rf3 Bxf5 18. Rxf5 Qg6 19. Qh4 Qe6 20. Raf1 f6
21. R1f3 Rf7 22. Rg3 Rh8 23. Qh5 Kg8 24. Rg4 Kf8 25. Rg3 Ke7 26. Rg6 Kd8 27.
Qg4 Qe7 28. Rf1 Qd7 29. Ra1 Qxg4 30. Rxg4 g5 31. Rxa6 Kd7 32. Rg3 h5 33. Rf3
Ke6 34. Rf1 g4 35. Kf2 h4 36. Ke2 c5 37. Ra5 Rb7 38. Kd2 Rh5 39. Kc3 f5 40.
exf5+ Rxf5 41. Rxf5 Kxf5 42. Ra1 d5 43. Rf1+ 1/2-1/2

[Event "SR 3. liga A2 2017/2018"]
[Site "?"]
[Date "2018.03.25"]
[Round "11.3"]
[White "Huska, Branislav"]
[Black "Cebo, Vladimir"]
[Result "1/2-1/2"]
[WhiteElo "1838"]
[BlackElo "1618"]
[PlyCount "71"]
[EventDate "2017.??.??"]

1. e4 e5 2. Nf3 Nc6 3. Bb5 a6 4. Ba4 Nf6 5. O-O b5 6. Bb3 Bc5 7. Nxe5 Nxe5 8.
d4 Bxd4 9. Qxd4 d6 10. Qd1 O-O 11. a4 Bb7 12. f3 Nfd7 13. Be3 Qe7 14. Nc3 c6
15. Qd2 Rfd8 16. Qf2 b4 17. Ne2 Ng6 18. Rfd1 Nde5 19. Rd2 a5 20. Nd4 d5 21.
exd5 cxd5 22. Rad1 Nc4 23. Bxc4 dxc4 24. Nb5 Rxd2 25. Qxd2 Bc6 26. Bb6 h6 27.
Qd6 Qb7 28. Qc7 Ra6 29. Rd8+ Kh7 30. Nd6 Qxb6+ 31. Qxb6 Rxb6 32. Nxc4 Ra6 33.
b3 Ra7 34. Kf2 Bd7 35. Nxa5 Rxa5 36. Rxd7 1/2-1/2

[Event "SR 3. liga A2 2017/2018"]
[Site "?"]
[Date "2018.03.25"]
[Round "11.3"]
[White "Gajarsky, Roman"]
[Black "Kir, Kvetoslav"]
[Result "1/2-1/2"]
[WhiteElo "1810"]
[BlackElo "1788"]
[PlyCount "51"]
[EventDate "2017.??.??"]

1. e4 e6 2. g3 d5 3. Bg2 Nf6 4. e5 Nfd7 5. d4 c5 6. c3 Nc6 7. Ne2 cxd4 8. cxd4
Bb4+ 9. Nbc3 a6 10. O-O O-O 11. f4 b5 12. Qd3 Nb6 13. Bh3 g6 14. g4 f5 15. g5
Nc4 16. Bg2 Kf7 17. Kf2 h5 18. gxh6 Qh4+ 19. Qg3 Qxh6 20. Nxd5 exd5 21. Bxd5+
Be6 22. Bxc6 Rad8 23. Rd1 Bd5 24. Bxd5+ Rxd5 25. Nc3 Rdd8 26. Kg2 1/2-1/2

[Event "SR 3. liga A2 2017/2018"]
[Site "?"]
[Date "2018.03.25"]
[Round "11.3"]
[White "Fidericky, Milan"]
[Black "Barca, Michal"]
[Result "1/2-1/2"]
[WhiteElo "1693"]
[BlackElo "1754"]
[PlyCount "53"]
[EventDate "2017.??.??"]

1. e4 d5 2. exd5 Qxd5 3. Nc3 Qd6 4. Nf3 Nf6 5. Be2 g6 6. O-O c6 7. d4 Bg7 8. h3
O-O 9. Be3 b5 10. Nd2 Na6 11. Bf3 Nc7 12. a4 Nfd5 13. axb5 Nxc3 14. bxc3 Nxb5
15. Ne4 Qd8 16. Be2 Bf5 17. Bxb5 Bxe4 18. Bd3 Bxd3 19. Qxd3 a5 20. c4 c5 21. c3
cxd4 22. cxd4 e5 23. Rad1 exd4 24. Bxd4 Bxd4 25. Qxd4 Qxd4 26. Rxd4 Rfc8 27.
Rc1 1/2-1/2

[Event "SR 3. liga A2 2017/2018"]
[Site "?"]
[Date "2018.03.25"]
[Round "11.3"]
[White "Janas, Peter"]
[Black "Lauko, Tomas"]
[Result "1-0"]
[WhiteElo "1756"]
[BlackElo "1720"]
[PlyCount "55"]
[EventDate "2017.??.??"]

1. d4 d5 2. Nf3 Nc6 3. c4 Bg4 4. e3 e5 5. dxe5 Nxe5 6. Qa4+ Bd7 7. Qd1 Nxc4 8.
Bxc4 dxc4 9. O-O Bg4 10. Qa4+ c6 11. Nbd2 b5 12. Qc2 Nf6 13. b3 cxb3 14. axb3
Qc7 15. Nd4 Rc8 16. Bb2 Bd6 17. h3 Bd7 18. Ne4 c5 19. Nxd6+ Qxd6 20. Nf5 Bxf5
21. Qxf5 Ra8 22. Rfd1 Qe7 23. Ra6 Nd7 24. Rad6 Nb6 25. Bxg7 Rg8 26. Bf6 Qc7 27.
Qe4+ Kf8 28. Qxa8+ 1-0

[Event "SR 3. liga A2 2017/2018"]
[Site "?"]
[Date "2018.03.25"]
[Round "11.3"]
[White "Dest, Stanislav"]
[Black "Tupy, Bystrik"]
[Result "0-1"]
[WhiteElo "1528"]
[BlackElo "1702"]
[PlyCount "64"]
[EventDate "2017.??.??"]

1. d4 d5 2. c4 c6 3. cxd5 cxd5 4. Nc3 Nf6 5. Nf3 Bg4 6. e3 e6 7. Be2 Nc6 8. O-O
Bd6 9. Re1 a6 10. h3 Bh5 11. Bd2 Bc7 12. Nh2 Qd6 13. Nf1 Bg6 14. a3 O-O 15. Rc1
Ne4 16. Nxe4 Bxe4 17. Bc3 Qe7 18. Bd3 f5 19. f3 Bxd3 20. Qxd3 Qh4 21. Re2 Rf6
22. Be1 Qh5 23. e4 fxe4 24. fxe4 Raf8 25. Rf2 dxe4 26. Qxe4 Bb6 27. Rc4 e5 28.
Rxf6 Rxf6 29. Ng3 Qf7 30. Rc2 Bxd4+ 31. Kh2 Rf4 32. Qe2 h6 0-1

[Event "SR 3. liga A2 2017/2018"]
[Site "?"]
[Date "2018.03.25"]
[Round "11.4"]
[White "Sturdik, Igor"]
[Black "Blazek, Milos"]
[Result "0-1"]
[WhiteElo "1998"]
[BlackElo "1961"]
[PlyCount "54"]
[EventDate "2017.??.??"]

1. e4 e5 2. Nf3 Nc6 3. d4 exd4 4. Bc4 Nf6 5. O-O Bc5 6. e5 d5 7. exf6 dxc4 8.
Re1+ Be6 9. Ng5 Qd5 10. Nc3 Qf5 11. Nce4 Bb6 12. Nxe6 fxe6 13. g4 Qg6 14. Ng5
O-O-O 15. Nxe6 Rhe8 16. Nxg7 Rxe1+ 17. Qxe1 Qxg4+ 18. Kf1 Rf8 19. Qe6+ Qxe6 20.
Nxe6 Rxf6 21. Ng5 d3 22. Ne4 Re6 23. cxd3 cxd3 24. f3 Nd4 25. Kg2 Rg6+ 26. Ng3
Rc6 27. Bg5 Rc2+ 0-1

[Event "SR 3. liga A2 2017/2018"]
[Site "?"]
[Date "2018.03.25"]
[Round "11.4"]
[White "Podjavorinsky, Michal"]
[Black "Bukovsky, Milan"]
[Result "1/2-1/2"]
[WhiteElo "1910"]
[BlackElo "1925"]
[PlyCount "50"]
[EventDate "2017.??.??"]

1. e4 e5 2. Nf3 Nc6 3. d4 exd4 4. Nxd4 Bc5 5. Nb3 Bb4+ 6. c3 Be7 7. Be3 Nf6 8.
N1d2 O-O 9. Be2 d5 10. Qc2 Be6 11. O-O Qc8 12. Bc5 Nxe4 13. Nxe4 dxe4 14. Bxe7
Nxe7 15. Qxe4 Re8 16. Nd4 Bd5 17. Qc2 c5 18. Nb3 Qc6 19. f3 Qh6 20. Bb5 Bc6 21.
Bxc6 Qxc6 22. Rfe1 b6 23. Rad1 Ng6 24. Nd2 Rxe1+ 25. Rxe1 Rd8 1/2-1/2

[Event "SR 3. liga A2 2017/2018"]
[Site "?"]
[Date "2018.03.25"]
[Round "11.4"]
[White "Mosny, Jaroslav"]
[Black "Miciak, Emanuel"]
[Result "1/2-1/2"]
[WhiteElo "1913"]
[BlackElo "1885"]
[PlyCount "150"]
[EventDate "2017.??.??"]

1. d4 d5 2. Nf3 Nf6 3. Bg5 h6 4. Bh4 Bf5 5. e3 e6 6. Bd3 Bxd3 7. Qxd3 c6 8. O-O
Be7 9. Nbd2 Nbd7 10. e4 dxe4 11. Nxe4 Nxe4 12. Qxe4 Bxh4 13. Nxh4 O-O 14. Nf3
Nf6 15. Qe5 Qb6 16. b3 Rfd8 17. c4 Rd7 18. h3 Rad8 19. Rad1 Qc7 20. Qxc7 Rxc7
21. Rd3 Rcd7 22. Rfd1 c5 23. Kf1 Ne4 24. d5 exd5 25. Rxd5 Rxd5 26. Rxd5 Rxd5
27. cxd5 Kf8 28. Ne5 Ke7 29. Nc4 b5 30. Ne3 g6 31. Nd1 Kd6 32. f3 Nf6 33. Nc3
a6 34. Ke2 Nxd5 35. Ne4+ Kc6 36. a3 f5 37. Nd2 Nf4+ 38. Kf2 Kd5 39. h4 c4 40.
bxc4+ bxc4 41. g3 Ne6 42. Ke3 Nd4 43. Nb1 Kc5 44. g4 a5 45. h5 g5 46. gxf5
Nxf5+ 47. Ke4 Ng3+ 48. Ke5 Nxh5 49. Nc3 Ng3 50. Na4+ Kc6 51. f4 gxf4 52. Kxf4
Ne2+ 53. Ke3 Kb5 54. Nb2 Nc1 55. Kd4 Ne2+ 56. Ke3 Ng3 57. Kf4 c3 58. Nd3 Nh5+
59. Ke3 Kc4 60. Ne5+ Kb3 61. Nc6 Kb2 62. Nxa5 Kxa3 63. Kd3 Ka4 64. Nc6 Kb5 65.
Nd4+ Kb4 66. Nc6+ Kb3 67. Na5+ Kb2 68. Nc4+ Kb3 69. Na5+ Kb4 70. Nc6+ Kb3 71.
Na5+ Ka4 72. Nc6 Nf4+ 73. Kxc3 h5 74. Ne5 h4 75. Ng4 h3 1/2-1/2

[Event "SR 3. liga A2 2017/2018"]
[Site "?"]
[Date "2018.03.25"]
[Round "11.4"]
[White "Smrek, Peter"]
[Black "Doucha, Ludvig"]
[Result "1/2-1/2"]
[WhiteElo "1711"]
[BlackElo "1861"]
[PlyCount "101"]
[EventDate "2017.??.??"]

1. e4 e5 2. Nf3 d6 3. h3 c5 4. Bc4 Be7 5. Nc3 Nf6 6. d3 O-O 7. a4 Nc6 8. Bd2
Nb4 9. Ne2 a5 10. Ng3 Qc7 11. O-O d5 12. exd5 Nbxd5 13. Re1 Bd6 14. Ng5 h6 15.
Qf3 Nb6 16. N5e4 Nxe4 17. Nxe4 Nxc4 18. dxc4 Bd7 19. Qg3 Kh7 20. Nc3 f6 21. Nd5
Qd8 22. Rad1 Be6 23. f4 Bf5 24. Qb3 exf4 25. Bxf4 Bxf4 26. Nxf4 Qb8 27. Ne6 Re8
28. Nxc5 Rxe1+ 29. Rxe1 Qa7 30. Qe3 Bxc2 31. Re2 Rc8 32. Rxc2 Qxc5 33. Qxc5
Rxc5 34. Kf2 Kg6 35. Ke3 Kf5 36. Kd4 b6 37. b4 axb4 38. Rb2 Ke6 39. Rxb4 Rc6
40. Rb5 Rd6+ 41. Rd5 Rc6 42. a5 bxa5 43. Rxa5 Rd6+ 44. Kc3 Rd1 45. Ra7 g6 46.
Rg7 g5 47. Rb7 Rc1+ 48. Kd3 Rd1+ 49. Ke3 Rc1 50. Kd3 Rd1+ 51. Ke3 1/2-1/2

[Event "SR 3. liga A2 2017/2018"]
[Site "?"]
[Date "2018.03.25"]
[Round "11.4"]
[White "Bahna, Jan"]
[Black "Jancovicova, Petra"]
[Result "0-1"]
[WhiteElo "1834"]
[BlackElo "1687"]
[PlyCount "124"]
[EventDate "2017.??.??"]

1. e4 e5 2. Nf3 Nc6 3. Bb5 a6 4. Ba4 Nf6 5. O-O Be7 6. Re1 d6 7. c3 O-O 8. h3
b5 9. Bc2 Re8 10. d3 Na7 11. Nbd2 h6 12. Nf1 c5 13. b3 Nc6 14. Bb2 b4 15. Ne3
bxc3 16. Bxc3 Be6 17. Nc4 Qc7 18. Rb1 Reb8 19. Qd2 Nb4 20. a3 Nxc2 21. Qxc2 Ra7
22. Nfxe5 Qc8 23. Nf3 Rab7 24. e5 Ne8 25. exd6 Bxd6 26. Be5 Bxe5 27. Nfxe5 Qc7
28. Nf3 Rb5 29. Nfd2 Nd6 30. Qc3 Nf5 31. a4 Rb4 32. Qe5 Qxe5 33. Rxe5 Nd4 34.
Rxc5 Nxb3 35. Nxb3 Rxb3 36. Rxb3 Rxb3 37. Ra5 Rxd3 38. Nb6 Rd6 39. Rxa6 Bc8 40.
Ra8 Rxb6 41. Rxc8+ Kh7 42. Rc3 Rb1+ 43. Kh2 Ra1 44. Rc4 Ra2 45. Kg3 Kg6 46. h4
Ra3+ 47. f3 Ra2 48. Kh3 Ra3 49. Kg4 h5+ 50. Kf4 Ra2 51. g3 Ra3 52. g4 hxg4 53.
fxg4 f6 54. h5+ Kh6 55. Kf5 Ra1 56. Ke6 Re1+ 57. Kd6 Ra1 58. Kc6 f5 59. gxf5
Kxh5 60. Kb6 Kg5 61. Rc5 Rxa4 62. Rd5 Rf4 0-1

[Event "SR 3. liga A2 2017/2018"]
[Site "?"]
[Date "2018.03.25"]
[Round "11.4"]
[White "Podjavorinsky, Peter"]
[Black "Krist, Milan"]
[Result "1/2-1/2"]
[WhiteElo "1689"]
[BlackElo "1814"]
[PlyCount "30"]
[EventDate "2017.??.??"]

1. e4 e6 2. d4 d5 3. exd5 exd5 4. Nf3 Nf6 5. Be2 Bd6 6. Bg5 O-O 7. O-O Bf5 8.
c3 c6 9. Nbd2 Nbd7 10. Nh4 Bg6 11. Ndf3 Qc7 12. h3 Rae8 13. Bxf6 Nxf6 14. Nxg6
fxg6 15. Qc2 Ne4 1/2-1/2

[Event "SR 3. liga A2 2017/2018"]
[Site "?"]
[Date "2018.03.25"]
[Round "11.4"]
[White "Babirat, Michal"]
[Black "Madzo, Anton"]
[Result "1-0"]
[WhiteElo "1859"]
[BlackElo "1492"]
[PlyCount "115"]
[EventDate "2017.??.??"]

1. c4 c5 2. Nc3 Nc6 3. g3 b6 4. Bg2 Bb7 5. Nf3 Nf6 6. O-O Rb8 7. e4 e5 8. d3
Be7 9. Nh4 Nd4 10. f4 d6 11. Nf3 O-O 12. Kh1 Nxf3 13. Qxf3 Bc8 14. f5 h6 15.
Rg1 Nh7 16. h4 Bb7 17. Bd2 Bc6 18. Raf1 f6 19. Qg4 Kh8 20. Bf3 Qe8 21. Qh3 Rg8
22. Rf2 Rb7 23. g4 Qd8 24. Rfg2 Rf8 25. g5 fxg5 26. hxg5 Bxg5 27. Bxg5 hxg5 28.
Rxg5 Rf6 29. Rh5 Qg8 30. Nd5 Bxd5 31. cxd5 Rc7 32. Be2 g6 33. Rh6 Rg7 34. Bg4
Qf8 35. Rg2 gxf5 36. Bxf5 Rxh6 37. Qxh6 Qf6 38. Rh2 Kg8 39. Bxh7+ Kf7 40. Qxf6+
Kxf6 41. Bf5 a5 42. Rh6+ Ke7 43. Rh7 Rxh7+ 44. Bxh7 Kf6 45. Kg2 b5 46. Bf5 Kg5
47. Kg3 Kh5 48. Bg4+ Kg5 49. Bd1 b4 50. b3 Kf6 51. Kh4 Kg6 52. Bg4 Kf6 53. Bf5
Kg7 54. Kg5 Kf7 55. Be6+ Ke7 56. Kg6 Kf8 57. Kf6 Ke8 58. Bg4 1-0

[Event "SR 3. liga A2 2017/2018"]
[Site "?"]
[Date "2018.03.25"]
[Round "11.4"]
[White "Holan, Jaroslav"]
[Black "Suchan, Jozef"]
[Result "0-1"]
[WhiteElo "1469"]
[BlackElo "1744"]
[PlyCount "160"]
[EventDate "2017.??.??"]

1. e4 e5 2. f4 d5 3. Nc3 Nf6 4. d3 Nc6 5. fxe5 Nxe5 6. Nf3 Nxf3+ 7. Qxf3 dxe4
8. Nxe4 Be7 9. Be2 O-O 10. O-O Ng4 11. h3 Ne5 12. Qg3 Ng6 13. c3 b6 14. Bg5 Bb7
15. Bxe7 Qxe7 16. Rae1 Bxe4 17. dxe4 Ne5 18. Rf5 f6 19. Bd1 c5 20. b3 Rad8 21.
Bc2 Rd2 22. Rf2 Rfd8 23. Qe3 R2d6 24. c4 R8d7 25. Ree2 a5 26. Rd2 Rd4 27. Rxd4
Rxd4 28. Rd2 Qd7 29. Rf2 Nc6 30. Qg3 Rd2 31. Rxd2 Qxd2 32. Qd3 Qe1+ 33. Kh2 Nd4
34. Bd1 Qf2 35. a4 Qf4+ 36. Kg1 Qc1 37. Kf2 Qf4+ 38. Kg1 Kf7 39. Bf3 Qc1+ 40.
Bd1 g6 41. Kf2 Qf4+ 42. Kg1 Ke6 43. Bg4+ Ke5 44. Bf3 Qg3 45. Qd1 Nxf3+ 46. Qxf3
Qe1+ 47. Kh2 Qxe4 48. Qc3+ Ke6 49. Qd2 Qd4 50. Qh6 Qd7 51. Qe3+ Kf7 52. Qh6 Kg8
53. Qf4 Qd8 54. Qe4 Qc7+ 55. Kh1 Kg7 56. Qe6 Qd8 57. Kh2 f5 58. Qe5+ Qf6 59.
Qc7+ Kh6 60. Qf4+ g5 61. Qc7 Qe6 62. Qb7 Qd6+ 63. Kh1 Kg6 64. Qf3 h5 65. Qe2
Qf6 66. Qe8+ Kh6 67. Qd7 Qa1+ 68. Kh2 Qe5+ 69. Kh1 Kg6 70. Qc6+ Qf6 71. Qe8+
Kh6 72. Qg8 g4 73. hxg4 hxg4 74. Qd5 g3 75. Qd2+ f4 76. Qd1 Qh4+ 77. Kg1 Qh2+
78. Kf1 Qh1+ 79. Ke2 Qxg2+ 80. Ke1 Qf2# 0-1

[Event "SR 3. liga A2 2017/2018"]
[Site "?"]
[Date "2018.03.25"]
[Round "11.5"]
[White "Jablonicky, Martin"]
[Black "Kozinka, Roman"]
[Result "1-0"]
[WhiteElo "2338"]
[BlackElo "1997"]
[PlyCount "44"]
[EventDate "2017.??.??"]

1. e4 c5 2. Nf3 d6 3. c3 Nf6 4. Be2 Nc6 5. d4 cxd4 6. cxd4 Qa5+ 7. Bd2 Qb6 8.
Nc3 Nxd4 9. Nxd4 Qxd4 10. Nb5 Qb6 11. Be3 Qa5+ 12. b4 Qxb4+ 13. Bd2 Qxe4 14.
Nc7+ Kd8 15. Nxa8 b6 16. Nxb6 axb6 17. O-O Qb7 18. Bf3 d5 19. Rb1 Bf5 20. Rb3
e5 21. Be3 b5 22. Qd2 Bd6 1-0

[Event "SR 3. liga A2 2017/2018"]
[Site "?"]
[Date "2018.03.25"]
[Round "11.5"]
[White "Lopatievov, Alexander"]
[Black "Pericka, Tomas"]
[Result "1-0"]
[WhiteElo "1820"]
[BlackElo "2005"]
[PlyCount "35"]
[EventDate "2017.??.??"]

1. c4 c5 2. Nc3 Nc6 3. g3 g6 4. Bg2 Bg7 5. d3 d6 6. Nf3 h5 7. O-O h4 8. Nxh4
Nf6 9. f4 Be6 10. f5 Bxf5 11. Nxf5 gxf5 12. Rxf5 Ng4 13. e3 Nge5 14. a3 e6 15.
Rh5 Rxh5 16. Qxh5 Nxd3 17. Qh7 Bf8 18. Qxd3 1-0

[Event "SR 3. liga A2 2017/2018"]
[Site "?"]
[Date "2018.03.25"]
[Round "11.5"]
[White "Diviak, Rastislav"]
[Black "Kozinka, Jan"]
[Result "1-0"]
[WhiteElo "1974"]
[BlackElo "1702"]
[PlyCount "55"]
[EventDate "2017.??.??"]

1. e4 e5 2. Nf3 Nc6 3. Bb5 Nge7 4. c3 a6 5. Ba4 d6 6. O-O Bg4 7. d4 b5 8. Bb3
h6 9. Be3 Na5 10. dxe5 Nxb3 11. axb3 Bxf3 12. Qxf3 dxe5 13. Rd1 Qc8 14. b4 Ng6
15. Nd2 Qe6 16. Nf1 Be7 17. Ng3 O-O 18. Nf5 Bg5 19. Bxg5 hxg5 20. Qg4 Qf6 21.
Rd7 Rac8 22. Rad1 Rfd8 23. g3 Rxd7 24. Rxd7 Qe6 25. Rd5 Re8 26. Qxg5 Qf6 27.
Qxf6 gxf6 28. Rd7 1-0

[Event "SR 3. liga A2 2017/2018"]
[Site "?"]
[Date "2018.03.25"]
[Round "11.5"]
[White "Skreko, Igor"]
[Black "Ocko, Martin"]
[Result "0-1"]
[WhiteElo "1520"]
[BlackElo "2007"]
[PlyCount "60"]
[EventDate "2017.??.??"]

1. d4 Nf6 2. c4 e5 3. dxe5 Ng4 4. Nf3 Bc5 5. e3 Nc6 6. a3 a5 7. Nc3 O-O 8. Be2
Ncxe5 9. Nxe5 Nxe5 10. Ne4 Qe7 11. Nxc5 Qxc5 12. Qd4 Qxd4 13. exd4 Nc6 14. Be3
Re8 15. d5 Ne5 16. O-O d6 17. h3 Bf5 18. Rad1 b6 19. Rfe1 Nd7 20. Kf1 Nc5 21.
Bxc5 bxc5 22. f3 Rab8 23. Rd2 Kf8 24. Bd3 Bxd3+ 25. Rxd3 Rxb2 26. Rxe8+ Kxe8
27. Re3+ Kd7 28. Kg1 a4 29. Kf1 Rc2 30. Re4 Rc3 0-1

[Event "SR 3. liga A2 2017/2018"]
[Site "?"]
[Date "2018.03.25"]
[Round "11.5"]
[White "Jarabek, Milan"]
[Black "Vagovic, Milan"]
[Result "0-1"]
[WhiteElo "1724"]
[BlackElo "1665"]
[PlyCount "70"]
[EventDate "2017.??.??"]

1. e4 c5 2. Nf3 d6 3. d4 cxd4 4. Nxd4 Nf6 5. Nc3 a6 6. Be2 e6 7. Be3 Be7 8. O-O
O-O 9. Kh1 Nc6 10. f4 Qc7 11. Qe1 Nxd4 12. Bxd4 e5 13. Be3 b5 14. a3 Bb7 15.
Bf3 Rac8 16. Rd1 Qc4 17. Bc1 Rfd8 18. f5 Qc7 19. g4 Nd7 20. Qg3 f6 21. g5 Nc5
22. Qh4 fxg5 23. Bxg5 Bxg5 24. Qxg5 Qf7 25. Rg1 Rd7 26. Nd5 Rf8 27. Bh5 g6 28.
fxg6 hxg6 29. Qh6 Nxe4 30. Rxg6+ Qg7 31. Kg2 Nf6 32. Kh3 Nxd5 33. Rxg7+ Rxg7
34. Qe6+ Kh8 35. Rxd5 Bc8 0-1